|
|
|
|
| LEADER |
00000nam a2200000 a 4500 |
| 001 |
vtls011883926 |
| 003 |
SK-MaSNL |
| 005 |
20260311154227.0 |
| 008 |
201028 1725 gw 000 0 lat |
| 015 |
|
|
|a SNBHFA
|
| 040 |
|
|
|a SNBHF
|b slo
|c SNKHF
|e AACR2
|
| 041 |
0 |
|
|a lat
|
| 044 |
|
|
|a gw
|c DE
|
| 072 |
|
7 |
|a 61
|x Lekárske vedy. Medicína
|2 konspekt
|
| 080 |
|
|
|a 61
|2 2011
|
| 080 |
|
|
|a (043.3)
|2 2011
|
| 100 |
1 |
|
|a Vater, Abraham,
|d 1684-1751
|4 aut
|9 350641
|
| 245 |
1 |
0 |
|a Dissertatio Inavgvralis Medico-Practica Qva Specificorvm Antepilepticorvm Sigillatim Olei Animalis Vires Examinantvr Hvivsqve Virtvs Et Efficacia In Cvranda Epilepsia Rationibvs Et Experientia Confirmatvr
|c Qvam Praeside Dn. Abrahamo Vatero Phil. Et Med. Doct. Et Prof. Pvbl Anat. Et Botan Svbst. Vt Et Societ Imper. Nat. Cvr. Et Reg. Britann. Socio Facvlt. Med. h.t. Pro-Decano Spectatissimo Domino Patrono, Hospite Ac Promotore Ad Cineres Omni Honoris Cvltv Proseqvendo Pro Gradv Doctoris D. Septembr. M D CC XXV. H.L.Q.C. Pvblico Dissentientivm Examini Svbmittet Avctor Et Respondens Hermann. Iacob. Bvrchardi, Hamb.
|
| 260 |
|
|
|a Vitembergae
|b Literis Vidvae Gerdesiae
|c MDCCXXV. [=1725]
|
| 300 |
|
|
|a 26 strán
|c 20 cm
|
| 500 |
|
|
|a Rok vydania rímskymi číslicami
|
| 501 |
|
|
|a Príväzok 26. k: HOFFMANN, Friedrich. Disputatio Inauguralis Medica Sistens Methodum Examinandi Aqvas Salubres... Halae Magdeb: Literis Chr. Henckelii, Acad. Typogr., MDCCIII. [=1703].
|5 SNK IC 144710
|
| 508 |
|
|
|a Predslov
|
| 561 |
|
|
|a Z knižnice Učenej spoločnosti malohontskej.
|5 SNK IC 144710/prív.26
|
| 650 |
0 |
7 |
|a medicína
|2 SNKPH
|9 899
|
| 655 |
|
7 |
|a dizertácie
|2 SNKPH
|9 70277
|
| 700 |
1 |
|
|a Burchardi, Hermann Jacob
|4 dis
|9 837480
|
| 700 |
1 |
|
|a Gerdes, Christian,
|c vdova,
|d 17.-18. storočie
|4 prt
|9 187121
|
| 710 |
2 |
|
|a Učená spoločnosť malohontská
|4 fmo
|5 SNK IC 144710/prív.26
|9 205374
|
| 710 |
0 |
|
|a Gerdes, Christian - vdova (Wittenberg, Nemecko)
|4 prt
|9 205388
|
| 752 |
|
|
|a Nemecko
|d Wittenberg
|
| 852 |
|
|
|a snk
|b Historické fondy
|p IC 144710/prív.26
|
| 958 |
|
|
|a DD
|
| 999 |
|
|
|c 3360821
|d 3362751
|
| 952 |
|
|
|t MHC LXX.,1331
|a SNK
|b SNK
|c SNK_HF
|y PREZ
|7 0
|p 17A1356593
|o snkIC 144710/prív.26
|i snk2019/21210
|8 5
|0 0
|1 0
|4 0
|d 2019-08-27
|l 0
|r 2026-03-03 12:05:44
|w 2026-03-03
|